<?xml version="1.0" encoding="UTF-8"?>
<record
    xmlns:xsi="http://www.w3.org/2001/XMLSchema-instance"
    xsi:schemaLocation="http://www.loc.gov/MARC21/slim http://www.loc.gov/standards/marcxml/schema/MARC21slim.xsd"
    xmlns="http://www.loc.gov/MARC21/slim">

  <leader>00801nas a2200241 454500</leader>
  <controlfield tag="001">18938</controlfield>
  <controlfield tag="005">20260407193505.0</controlfield>
  <controlfield tag="008">260407s1975####ag###########|||spa#d</controlfield>
  <controlfield tag="003">AR-UNSa-BCEJYS</controlfield>
  <datafield tag="040" ind1=" " ind2=" ">
    <subfield code="a">AR-UNSa-BCEJYS</subfield>
    <subfield code="b">spa</subfield>
    <subfield code="c">AR-UNSa-BCEJYS</subfield>
  </datafield>
  <datafield tag="080" ind1=" " ind2=" ">
    <subfield code="a">339.5</subfield>
    <subfield code="x">Comercio exterior. Comercio Internacional</subfield>
  </datafield>
  <datafield tag="245" ind1="1" ind2="0">
    <subfield code="a">Gu&#xED;a pr&#xE1;ctica del exportador e importador</subfield>
  </datafield>
  <datafield tag="022" ind1=" " ind2=" ">
    <subfield code="a">0432-8884</subfield>
  </datafield>
  <datafield tag="264" ind1=" " ind2="1">
    <subfield code="a">Buenos Aires :</subfield>
    <subfield code="b">Gu&#xED;a Practica</subfield>
    <subfield code="c">1975</subfield>
  </datafield>
  <datafield tag="310" ind1=" " ind2=" ">
    <subfield code="a">Frecuencia: Mensual</subfield>
  </datafield>
  <datafield tag="942" ind1=" " ind2=" ">
    <subfield code="c">SER</subfield>
  </datafield>
  <datafield tag="590" ind1=" " ind2=" ">
    <subfield code="a">niveau_biblio:s niveau_hierar:1</subfield>
  </datafield>
  <datafield tag="100" ind1="1" ind2=" ">
    <subfield code="a">Coudreau, Luis A.</subfield>
  </datafield>
  <datafield tag="700" ind1="1" ind2=" ">
    <subfield code="a">Sorrondegui, H&#xE9;ctor E.</subfield>
  </datafield>
  <datafield tag="650" ind1=" " ind2=" ">
    <subfield code="a">Exportaci&#xF3;n/importaci&#xF3;n</subfield>
  </datafield>
  <datafield tag="650" ind1=" " ind2=" ">
    <subfield code="a">COMERCIO EXTERIOR</subfield>
  </datafield>
  <datafield tag="856" ind1="4" ind2="1">
    <subfield code="u">https://biblioeco.unsa.edu.ar/pmb/images/revistas/Gu?a Pr?ctica.jpg</subfield>
    <subfield code="y">Imagen de portada</subfield>
    <subfield code="q">image/jpeg</subfield>
  </datafield>
  <datafield tag="999" ind1=" " ind2=" ">
    <subfield code="c">8508</subfield>
    <subfield code="d">8508</subfield>
  </datafield>
  <datafield tag="952" ind1=" " ind2=" ">
    <subfield code="0">0</subfield>
    <subfield code="1">0</subfield>
    <subfield code="4">0</subfield>
    <subfield code="7">0</subfield>
    <subfield code="a">BCEJYS</subfield>
    <subfield code="b">BCEJYS</subfield>
    <subfield code="c">17</subfield>
    <subfield code="d">1983-07-01</subfield>
    <subfield code="h">A&#xF1;o XXVII, N&#xBA; 319 - jul. 1983</subfield>
    <subfield code="l">0</subfield>
    <subfield code="o">H339.5 GUI 319</subfield>
    <subfield code="p">R08714</subfield>
    <subfield code="r">2026-04-10 16:07:50</subfield>
    <subfield code="w">2026-04-10</subfield>
    <subfield code="y">RN</subfield>
  </datafield>
  <datafield tag="952" ind1=" " ind2=" ">
    <subfield code="0">0</subfield>
    <subfield code="1">0</subfield>
    <subfield code="4">0</subfield>
    <subfield code="7">0</subfield>
    <subfield code="a">BCEJYS</subfield>
    <subfield code="b">BCEJYS</subfield>
    <subfield code="c">17</subfield>
    <subfield code="d">1980-02-01</subfield>
    <subfield code="h">A&#xF1;o XXIV, N&#xBA; 278 - feb. 1980</subfield>
    <subfield code="l">0</subfield>
    <subfield code="o">H339.5 GUI 278</subfield>
    <subfield code="p">R08713</subfield>
    <subfield code="r">2026-04-10 16:07:50</subfield>
    <subfield code="w">2026-04-10</subfield>
    <subfield code="y">RN</subfield>
  </datafield>
  <datafield tag="952" ind1=" " ind2=" ">
    <subfield code="0">0</subfield>
    <subfield code="1">0</subfield>
    <subfield code="4">0</subfield>
    <subfield code="7">0</subfield>
    <subfield code="a">BCEJYS</subfield>
    <subfield code="b">BCEJYS</subfield>
    <subfield code="c">17</subfield>
    <subfield code="d">1978-12-01</subfield>
    <subfield code="h">A&#xF1;o XXII, N&#xBA; 264 - dic. 1978</subfield>
    <subfield code="l">0</subfield>
    <subfield code="o">H339.5 GUI 264</subfield>
    <subfield code="p">R08712</subfield>
    <subfield code="r">2026-04-10 16:07:50</subfield>
    <subfield code="w">2026-04-10</subfield>
    <subfield code="y">RN</subfield>
  </datafield>
  <datafield tag="952" ind1=" " ind2=" ">
    <subfield code="0">0</subfield>
    <subfield code="1">0</subfield>
    <subfield code="4">0</subfield>
    <subfield code="7">0</subfield>
    <subfield code="a">BCEJYS</subfield>
    <subfield code="b">BCEJYS</subfield>
    <subfield code="c">17</subfield>
    <subfield code="d">1978-11-01</subfield>
    <subfield code="h">A&#xF1;o XXII, N&#xBA; 263 - nov. 1978</subfield>
    <subfield code="l">0</subfield>
    <subfield code="o">H339.5 GUI 263</subfield>
    <subfield code="p">R08711</subfield>
    <subfield code="r">2026-04-10 16:07:50</subfield>
    <subfield code="w">2026-04-10</subfield>
    <subfield code="y">RN</subfield>
  </datafield>
  <datafield tag="952" ind1=" " ind2=" ">
    <subfield code="0">0</subfield>
    <subfield code="1">0</subfield>
    <subfield code="4">0</subfield>
    <subfield code="7">0</subfield>
    <subfield code="a">BCEJYS</subfield>
    <subfield code="b">BCEJYS</subfield>
    <subfield code="c">17</subfield>
    <subfield code="d">1978-10-01</subfield>
    <subfield code="h">A&#xF1;o XXII, N&#xBA; 262 - oct. 1978</subfield>
    <subfield code="l">0</subfield>
    <subfield code="o">H339.5 GUI 262</subfield>
    <subfield code="p">R08710</subfield>
    <subfield code="r">2026-04-10 16:07:50</subfield>
    <subfield code="w">2026-04-10</subfield>
    <subfield code="y">RN</subfield>
  </datafield>
  <datafield tag="952" ind1=" " ind2=" ">
    <subfield code="0">0</subfield>
    <subfield code="1">0</subfield>
    <subfield code="4">0</subfield>
    <subfield code="7">0</subfield>
    <subfield code="a">BCEJYS</subfield>
    <subfield code="b">BCEJYS</subfield>
    <subfield code="c">17</subfield>
    <subfield code="d">1978-09-01</subfield>
    <subfield code="h">A&#xF1;o XXII, N&#xBA; 261 - sep. 1978</subfield>
    <subfield code="l">0</subfield>
    <subfield code="o">H339.5 GUI 261</subfield>
    <subfield code="p">R12007</subfield>
    <subfield code="r">2026-04-10 16:07:50</subfield>
    <subfield code="w">2026-04-10</subfield>
    <subfield code="y">RN</subfield>
  </datafield>
  <datafield tag="952" ind1=" " ind2=" ">
    <subfield code="0">0</subfield>
    <subfield code="1">0</subfield>
    <subfield code="4">0</subfield>
    <subfield code="7">0</subfield>
    <subfield code="a">BCEJYS</subfield>
    <subfield code="b">BCEJYS</subfield>
    <subfield code="c">17</subfield>
    <subfield code="d">1978-08-01</subfield>
    <subfield code="h">A&#xF1;o XXII, N&#xBA; 260 - ago. 1978</subfield>
    <subfield code="l">0</subfield>
    <subfield code="o">H339.5 GUI 260</subfield>
    <subfield code="p">R08709</subfield>
    <subfield code="r">2026-04-10 16:07:50</subfield>
    <subfield code="w">2026-04-10</subfield>
    <subfield code="y">RN</subfield>
  </datafield>
  <datafield tag="952" ind1=" " ind2=" ">
    <subfield code="0">0</subfield>
    <subfield code="1">0</subfield>
    <subfield code="4">0</subfield>
    <subfield code="7">0</subfield>
    <subfield code="a">BCEJYS</subfield>
    <subfield code="b">BCEJYS</subfield>
    <subfield code="c">17</subfield>
    <subfield code="d">1978-07-01</subfield>
    <subfield code="h">A&#xF1;o XXII, N&#xBA; 259 - jul. 1978</subfield>
    <subfield code="l">0</subfield>
    <subfield code="o">H339.5 GUI 259</subfield>
    <subfield code="p">R08708</subfield>
    <subfield code="r">2026-04-10 16:07:50</subfield>
    <subfield code="w">2026-04-10</subfield>
    <subfield code="y">RN</subfield>
  </datafield>
  <datafield tag="952" ind1=" " ind2=" ">
    <subfield code="0">0</subfield>
    <subfield code="1">0</subfield>
    <subfield code="4">0</subfield>
    <subfield code="7">0</subfield>
    <subfield code="a">BCEJYS</subfield>
    <subfield code="b">BCEJYS</subfield>
    <subfield code="c">17</subfield>
    <subfield code="d">1978-06-01</subfield>
    <subfield code="h">A&#xF1;o XXII, N&#xBA; 258 - jun. 1978</subfield>
    <subfield code="l">0</subfield>
    <subfield code="o">H339.5 GUI 258</subfield>
    <subfield code="p">R12328</subfield>
    <subfield code="r">2026-04-10 16:07:50</subfield>
    <subfield code="w">2026-04-10</subfield>
    <subfield code="y">RN</subfield>
  </datafield>
  <datafield tag="952" ind1=" " ind2=" ">
    <subfield code="0">0</subfield>
    <subfield code="1">0</subfield>
    <subfield code="4">0</subfield>
    <subfield code="7">0</subfield>
    <subfield code="a">BCEJYS</subfield>
    <subfield code="b">BCEJYS</subfield>
    <subfield code="c">17</subfield>
    <subfield code="d">1978-05-01</subfield>
    <subfield code="h">A&#xF1;o XXII, N&#xBA; 257 - mayo 1978</subfield>
    <subfield code="l">0</subfield>
    <subfield code="o">H339.5 GUI 257</subfield>
    <subfield code="p">R08707</subfield>
    <subfield code="r">2026-04-10 16:07:50</subfield>
    <subfield code="w">2026-04-10</subfield>
    <subfield code="y">RN</subfield>
  </datafield>
  <datafield tag="952" ind1=" " ind2=" ">
    <subfield code="0">0</subfield>
    <subfield code="1">0</subfield>
    <subfield code="4">0</subfield>
    <subfield code="7">0</subfield>
    <subfield code="a">BCEJYS</subfield>
    <subfield code="b">BCEJYS</subfield>
    <subfield code="c">17</subfield>
    <subfield code="d">1978-04-01</subfield>
    <subfield code="h">A&#xF1;o XXII, N&#xBA; 256 - abr. 1978</subfield>
    <subfield code="l">0</subfield>
    <subfield code="o">H339.5 GUI 256</subfield>
    <subfield code="p">R08706</subfield>
    <subfield code="r">2026-04-10 16:07:50</subfield>
    <subfield code="w">2026-04-10</subfield>
    <subfield code="y">RN</subfield>
  </datafield>
  <datafield tag="952" ind1=" " ind2=" ">
    <subfield code="0">0</subfield>
    <subfield code="1">0</subfield>
    <subfield code="4">0</subfield>
    <subfield code="7">0</subfield>
    <subfield code="a">BCEJYS</subfield>
    <subfield code="b">BCEJYS</subfield>
    <subfield code="c">17</subfield>
    <subfield code="d">1978-03-01</subfield>
    <subfield code="h">A&#xF1;o XXII, N&#xBA; 255 - mar. 1978</subfield>
    <subfield code="l">0</subfield>
    <subfield code="o">H339.5 GUI 255</subfield>
    <subfield code="p">R08705</subfield>
    <subfield code="r">2026-04-10 16:07:50</subfield>
    <subfield code="w">2026-04-10</subfield>
    <subfield code="y">RN</subfield>
  </datafield>
  <datafield tag="952" ind1=" " ind2=" ">
    <subfield code="0">0</subfield>
    <subfield code="1">0</subfield>
    <subfield code="4">0</subfield>
    <subfield code="7">0</subfield>
    <subfield code="a">BCEJYS</subfield>
    <subfield code="b">BCEJYS</subfield>
    <subfield code="c">17</subfield>
    <subfield code="d">1978-02-01</subfield>
    <subfield code="h">A&#xF1;o XXII, N&#xBA; 254 - feb. 1978</subfield>
    <subfield code="l">0</subfield>
    <subfield code="o">H339.5 GUI 254</subfield>
    <subfield code="p">R08704</subfield>
    <subfield code="r">2026-04-10 16:07:50</subfield>
    <subfield code="w">2026-04-10</subfield>
    <subfield code="y">RN</subfield>
  </datafield>
  <datafield tag="952" ind1=" " ind2=" ">
    <subfield code="0">0</subfield>
    <subfield code="1">0</subfield>
    <subfield code="4">0</subfield>
    <subfield code="7">0</subfield>
    <subfield code="a">BCEJYS</subfield>
    <subfield code="b">BCEJYS</subfield>
    <subfield code="c">17</subfield>
    <subfield code="d">1978-01-01</subfield>
    <subfield code="h">A&#xF1;o XXII, N&#xBA; 253 - ene. 1978</subfield>
    <subfield code="l">0</subfield>
    <subfield code="o">H339.5 GUI 253</subfield>
    <subfield code="p">R08703</subfield>
    <subfield code="r">2026-04-10 16:07:50</subfield>
    <subfield code="w">2026-04-10</subfield>
    <subfield code="y">RN</subfield>
  </datafield>
  <datafield tag="952" ind1=" " ind2=" ">
    <subfield code="0">0</subfield>
    <subfield code="1">0</subfield>
    <subfield code="4">0</subfield>
    <subfield code="7">0</subfield>
    <subfield code="a">BCEJYS</subfield>
    <subfield code="b">BCEJYS</subfield>
    <subfield code="c">17</subfield>
    <subfield code="d">1977-12-01</subfield>
    <subfield code="h">A&#xF1;o XXI, N&#xBA; 252 - dic. 1977</subfield>
    <subfield code="l">0</subfield>
    <subfield code="o">H339.5 GUI 252</subfield>
    <subfield code="p">R08702</subfield>
    <subfield code="r">2026-04-10 16:07:50</subfield>
    <subfield code="w">2026-04-10</subfield>
    <subfield code="y">RN</subfield>
  </datafield>
  <datafield tag="952" ind1=" " ind2=" ">
    <subfield code="0">0</subfield>
    <subfield code="1">0</subfield>
    <subfield code="4">0</subfield>
    <subfield code="7">0</subfield>
    <subfield code="a">BCEJYS</subfield>
    <subfield code="b">BCEJYS</subfield>
    <subfield code="c">17</subfield>
    <subfield code="d">1977-11-01</subfield>
    <subfield code="h">A&#xF1;o XXI, N&#xBA; 251 - nov. 1977</subfield>
    <subfield code="l">0</subfield>
    <subfield code="o">H339.5 GUI 251</subfield>
    <subfield code="p">R08701</subfield>
    <subfield code="r">2026-04-10 16:07:50</subfield>
    <subfield code="w">2026-04-10</subfield>
    <subfield code="y">RN</subfield>
  </datafield>
  <datafield tag="952" ind1=" " ind2=" ">
    <subfield code="0">0</subfield>
    <subfield code="1">0</subfield>
    <subfield code="4">0</subfield>
    <subfield code="7">0</subfield>
    <subfield code="a">BCEJYS</subfield>
    <subfield code="b">BCEJYS</subfield>
    <subfield code="c">17</subfield>
    <subfield code="d">1977-10-01</subfield>
    <subfield code="h">A&#xF1;o XXI, N&#xBA; 250 - oct. 1977</subfield>
    <subfield code="l">0</subfield>
    <subfield code="o">H339.5 GUI 250</subfield>
    <subfield code="p">R08700</subfield>
    <subfield code="r">2026-04-10 16:07:50</subfield>
    <subfield code="w">2026-04-10</subfield>
    <subfield code="y">RN</subfield>
  </datafield>
  <datafield tag="952" ind1=" " ind2=" ">
    <subfield code="0">0</subfield>
    <subfield code="1">0</subfield>
    <subfield code="4">0</subfield>
    <subfield code="7">0</subfield>
    <subfield code="a">BCEJYS</subfield>
    <subfield code="b">BCEJYS</subfield>
    <subfield code="c">17</subfield>
    <subfield code="d">1977-09-01</subfield>
    <subfield code="h">A&#xF1;o XXI, N&#xBA; 249 - sep. 1977</subfield>
    <subfield code="l">0</subfield>
    <subfield code="o">H339.5 GUI 249</subfield>
    <subfield code="p">R08699</subfield>
    <subfield code="r">2026-04-10 16:07:51</subfield>
    <subfield code="w">2026-04-10</subfield>
    <subfield code="y">RN</subfield>
  </datafield>
  <datafield tag="952" ind1=" " ind2=" ">
    <subfield code="0">0</subfield>
    <subfield code="1">0</subfield>
    <subfield code="4">0</subfield>
    <subfield code="7">0</subfield>
    <subfield code="a">BCEJYS</subfield>
    <subfield code="b">BCEJYS</subfield>
    <subfield code="c">17</subfield>
    <subfield code="d">1977-08-01</subfield>
    <subfield code="h">A&#xF1;o XXI, N&#xBA; 248 - ago. 1977</subfield>
    <subfield code="l">0</subfield>
    <subfield code="o">H339.5 GUI 248</subfield>
    <subfield code="p">R08698</subfield>
    <subfield code="r">2026-04-10 16:07:51</subfield>
    <subfield code="w">2026-04-10</subfield>
    <subfield code="y">RN</subfield>
  </datafield>
  <datafield tag="952" ind1=" " ind2=" ">
    <subfield code="0">0</subfield>
    <subfield code="1">0</subfield>
    <subfield code="4">0</subfield>
    <subfield code="7">0</subfield>
    <subfield code="a">BCEJYS</subfield>
    <subfield code="b">BCEJYS</subfield>
    <subfield code="c">17</subfield>
    <subfield code="d">1977-07-01</subfield>
    <subfield code="h">A&#xF1;o XXI, N&#xBA; 247 - jul. 1977</subfield>
    <subfield code="l">0</subfield>
    <subfield code="o">H339.5 GUI 247</subfield>
    <subfield code="p">R08697</subfield>
    <subfield code="r">2026-04-10 16:07:51</subfield>
    <subfield code="w">2026-04-10</subfield>
    <subfield code="y">RN</subfield>
  </datafield>
  <datafield tag="952" ind1=" " ind2=" ">
    <subfield code="0">0</subfield>
    <subfield code="1">0</subfield>
    <subfield code="4">0</subfield>
    <subfield code="7">0</subfield>
    <subfield code="a">BCEJYS</subfield>
    <subfield code="b">BCEJYS</subfield>
    <subfield code="c">17</subfield>
    <subfield code="d">1977-06-01</subfield>
    <subfield code="h">A&#xF1;o XXI, N&#xBA; 246 - jun. 1977</subfield>
    <subfield code="l">0</subfield>
    <subfield code="o">H339.5 GUI 246</subfield>
    <subfield code="p">R08696</subfield>
    <subfield code="r">2026-04-10 16:07:51</subfield>
    <subfield code="w">2026-04-10</subfield>
    <subfield code="y">RN</subfield>
  </datafield>
  <datafield tag="952" ind1=" " ind2=" ">
    <subfield code="0">0</subfield>
    <subfield code="1">0</subfield>
    <subfield code="4">0</subfield>
    <subfield code="7">0</subfield>
    <subfield code="a">BCEJYS</subfield>
    <subfield code="b">BCEJYS</subfield>
    <subfield code="c">17</subfield>
    <subfield code="d">1977-05-01</subfield>
    <subfield code="h">A&#xF1;o XXI, N&#xBA; 245 - mayo 1977</subfield>
    <subfield code="l">0</subfield>
    <subfield code="o">H339.5 GUI 245</subfield>
    <subfield code="p">R08695</subfield>
    <subfield code="r">2026-04-10 16:07:51</subfield>
    <subfield code="w">2026-04-10</subfield>
    <subfield code="y">RN</subfield>
  </datafield>
  <datafield tag="952" ind1=" " ind2=" ">
    <subfield code="0">0</subfield>
    <subfield code="1">0</subfield>
    <subfield code="4">0</subfield>
    <subfield code="7">0</subfield>
    <subfield code="a">BCEJYS</subfield>
    <subfield code="b">BCEJYS</subfield>
    <subfield code="c">17</subfield>
    <subfield code="d">1977-04-01</subfield>
    <subfield code="h">A&#xF1;o XXI, N&#xBA; 244 - abr. 1977</subfield>
    <subfield code="l">0</subfield>
    <subfield code="o">H339.5 GUI 244</subfield>
    <subfield code="p">R08694</subfield>
    <subfield code="r">2026-04-10 16:07:51</subfield>
    <subfield code="w">2026-04-10</subfield>
    <subfield code="y">RN</subfield>
  </datafield>
  <datafield tag="952" ind1=" " ind2=" ">
    <subfield code="0">0</subfield>
    <subfield code="1">0</subfield>
    <subfield code="4">0</subfield>
    <subfield code="7">0</subfield>
    <subfield code="a">BCEJYS</subfield>
    <subfield code="b">BCEJYS</subfield>
    <subfield code="c">17</subfield>
    <subfield code="d">1977-03-01</subfield>
    <subfield code="h">A&#xF1;o XXI, N&#xBA; 243 - mar. 1977</subfield>
    <subfield code="l">0</subfield>
    <subfield code="o">H339.5 GUI 243</subfield>
    <subfield code="p">R08693</subfield>
    <subfield code="r">2026-04-10 16:07:51</subfield>
    <subfield code="w">2026-04-10</subfield>
    <subfield code="y">RN</subfield>
  </datafield>
  <datafield tag="952" ind1=" " ind2=" ">
    <subfield code="0">0</subfield>
    <subfield code="1">0</subfield>
    <subfield code="4">0</subfield>
    <subfield code="7">0</subfield>
    <subfield code="a">BCEJYS</subfield>
    <subfield code="b">BCEJYS</subfield>
    <subfield code="c">17</subfield>
    <subfield code="d">1977-02-01</subfield>
    <subfield code="h">A&#xF1;o XIX, N&#xBA; 242 - feb. 1977</subfield>
    <subfield code="l">0</subfield>
    <subfield code="o">H339.5 GUI 242</subfield>
    <subfield code="p">R08692</subfield>
    <subfield code="r">2026-04-10 16:07:51</subfield>
    <subfield code="w">2026-04-10</subfield>
    <subfield code="y">RN</subfield>
  </datafield>
  <datafield tag="952" ind1=" " ind2=" ">
    <subfield code="0">0</subfield>
    <subfield code="1">0</subfield>
    <subfield code="4">0</subfield>
    <subfield code="7">0</subfield>
    <subfield code="a">BCEJYS</subfield>
    <subfield code="b">BCEJYS</subfield>
    <subfield code="c">17</subfield>
    <subfield code="d">1977-01-01</subfield>
    <subfield code="h">A&#xF1;o XXI, N&#xBA; 241 - ene. 1977</subfield>
    <subfield code="l">0</subfield>
    <subfield code="o">H339.5 GUI 241</subfield>
    <subfield code="p">R08675</subfield>
    <subfield code="r">2026-04-10 16:07:51</subfield>
    <subfield code="w">2026-04-10</subfield>
    <subfield code="y">RN</subfield>
  </datafield>
  <datafield tag="952" ind1=" " ind2=" ">
    <subfield code="0">0</subfield>
    <subfield code="1">0</subfield>
    <subfield code="4">0</subfield>
    <subfield code="7">0</subfield>
    <subfield code="a">BCEJYS</subfield>
    <subfield code="b">BCEJYS</subfield>
    <subfield code="c">17</subfield>
    <subfield code="d">1976-01-01</subfield>
    <subfield code="h">A&#xF1;o XX, N&#xBA; 229 - ene. 1976</subfield>
    <subfield code="l">0</subfield>
    <subfield code="o">H339.5 GUI 229</subfield>
    <subfield code="p">R08691</subfield>
    <subfield code="r">2026-04-10 16:07:51</subfield>
    <subfield code="w">2026-04-10</subfield>
    <subfield code="y">RN</subfield>
  </datafield>
  <datafield tag="952" ind1=" " ind2=" ">
    <subfield code="0">0</subfield>
    <subfield code="1">0</subfield>
    <subfield code="4">0</subfield>
    <subfield code="7">0</subfield>
    <subfield code="a">BCEJYS</subfield>
    <subfield code="b">BCEJYS</subfield>
    <subfield code="c">17</subfield>
    <subfield code="d">1975-11-01</subfield>
    <subfield code="h">A&#xF1;o XIX, N&#xBA; 227 - nov. 1975</subfield>
    <subfield code="l">0</subfield>
    <subfield code="o">H339.5 GUI 227</subfield>
    <subfield code="p">R08690</subfield>
    <subfield code="r">2026-04-10 16:07:51</subfield>
    <subfield code="w">2026-04-10</subfield>
    <subfield code="y">RN</subfield>
  </datafield>
  <datafield tag="952" ind1=" " ind2=" ">
    <subfield code="0">0</subfield>
    <subfield code="1">0</subfield>
    <subfield code="4">0</subfield>
    <subfield code="7">0</subfield>
    <subfield code="a">BCEJYS</subfield>
    <subfield code="b">BCEJYS</subfield>
    <subfield code="c">17</subfield>
    <subfield code="d">1975-10-01</subfield>
    <subfield code="h">A&#xF1;o XIX, N&#xBA; 226 - oct. 1975</subfield>
    <subfield code="l">0</subfield>
    <subfield code="o">H339.5 GUI 226</subfield>
    <subfield code="p">R08689</subfield>
    <subfield code="r">2026-04-10 16:07:51</subfield>
    <subfield code="w">2026-04-10</subfield>
    <subfield code="y">RN</subfield>
  </datafield>
  <datafield tag="952" ind1=" " ind2=" ">
    <subfield code="0">0</subfield>
    <subfield code="1">0</subfield>
    <subfield code="4">0</subfield>
    <subfield code="7">0</subfield>
    <subfield code="a">BCEJYS</subfield>
    <subfield code="b">BCEJYS</subfield>
    <subfield code="c">17</subfield>
    <subfield code="d">1975-09-01</subfield>
    <subfield code="h">A&#xF1;o XIX, N&#xBA; 225 - sep. 1975</subfield>
    <subfield code="l">0</subfield>
    <subfield code="o">H339.5 GUI 225</subfield>
    <subfield code="p">R08688</subfield>
    <subfield code="r">2026-04-10 16:07:51</subfield>
    <subfield code="w">2026-04-10</subfield>
    <subfield code="y">RN</subfield>
  </datafield>
  <datafield tag="952" ind1=" " ind2=" ">
    <subfield code="0">0</subfield>
    <subfield code="1">0</subfield>
    <subfield code="4">0</subfield>
    <subfield code="7">0</subfield>
    <subfield code="a">BCEJYS</subfield>
    <subfield code="b">BCEJYS</subfield>
    <subfield code="c">17</subfield>
    <subfield code="d">1975-08-01</subfield>
    <subfield code="h">A&#xF1;o XIX, N&#xBA; 224 - ago. 1975</subfield>
    <subfield code="l">0</subfield>
    <subfield code="o">H339.5 GUI 224</subfield>
    <subfield code="p">R08687</subfield>
    <subfield code="r">2026-04-10 16:07:51</subfield>
    <subfield code="w">2026-04-10</subfield>
    <subfield code="y">RN</subfield>
  </datafield>
  <datafield tag="952" ind1=" " ind2=" ">
    <subfield code="0">0</subfield>
    <subfield code="1">0</subfield>
    <subfield code="4">0</subfield>
    <subfield code="7">0</subfield>
    <subfield code="a">BCEJYS</subfield>
    <subfield code="b">BCEJYS</subfield>
    <subfield code="c">17</subfield>
    <subfield code="d">1975-07-01</subfield>
    <subfield code="h">A&#xF1;o XIX, N&#xBA; 223 - jul. 1975</subfield>
    <subfield code="l">0</subfield>
    <subfield code="o">H339.5 GUI 223</subfield>
    <subfield code="p">R08686</subfield>
    <subfield code="r">2026-04-10 16:07:51</subfield>
    <subfield code="w">2026-04-10</subfield>
    <subfield code="y">RN</subfield>
  </datafield>
  <datafield tag="952" ind1=" " ind2=" ">
    <subfield code="0">0</subfield>
    <subfield code="1">0</subfield>
    <subfield code="4">0</subfield>
    <subfield code="7">0</subfield>
    <subfield code="a">BCEJYS</subfield>
    <subfield code="b">BCEJYS</subfield>
    <subfield code="c">17</subfield>
    <subfield code="d">1975-02-01</subfield>
    <subfield code="h">A&#xF1;o XIX, N&#xBA; 218 - feb. 1975</subfield>
    <subfield code="l">0</subfield>
    <subfield code="o">H339.5 GUI 218</subfield>
    <subfield code="p">R08685</subfield>
    <subfield code="r">2026-04-10 16:07:51</subfield>
    <subfield code="w">2026-04-10</subfield>
    <subfield code="y">RN</subfield>
  </datafield>
  <datafield tag="952" ind1=" " ind2=" ">
    <subfield code="0">0</subfield>
    <subfield code="1">0</subfield>
    <subfield code="4">0</subfield>
    <subfield code="7">0</subfield>
    <subfield code="a">BCEJYS</subfield>
    <subfield code="b">BCEJYS</subfield>
    <subfield code="c">17</subfield>
    <subfield code="d">1975-01-01</subfield>
    <subfield code="h">A&#xF1;o XIX, N&#xBA; 217 - ene. 1975</subfield>
    <subfield code="l">0</subfield>
    <subfield code="o">H339.5 GUI 217</subfield>
    <subfield code="p">R08684</subfield>
    <subfield code="r">2026-04-10 16:07:51</subfield>
    <subfield code="w">2026-04-10</subfield>
    <subfield code="y">RN</subfield>
  </datafield>
</record>
